[Event "DEN-ch Seniors 50+"]
[Site "Hvidovre"]
[Date "2018.02.17"]
[Round "6"]
[White "Lilja, Richard"]
[Black "Hald, Jens Erik Kofoed"]
[Result "1/2-1/2"]
[WhiteElo "2086"]
[BlackElo "1983"]
[PlyCount "30"]
[EventDate "2018.02.12"]
[EventType "swiss"]
[EventRounds "7"]
[EventCountry "DEN"]
[SourceTitle "CBM 183 Extra"]
[Source "ChessBase"]
[SourceDate "2018.04.19"]
[SourceVersion "1"]
[SourceVersionDate "2018.04.19"]
[SourceQuality "1"]

1. e4 c5 2. d4 cxd4 3. c3 dxc3 4. Nxc3 Nc6 5. Nf3 d6 6. Bc4 e6 7. 0-0 Be7 8. Qe2 Nf6 9. Rd1 e5 10. Bg5 Bg4 11. Be3 0-0 12. h3 Bh5 13. Rd2 a6 14. a3 Rc8 15. Rad1 h6 1/2-1/2

[Event "DEN-ch Seniors 50+"]
[Site "Hvidovre"]
[Date "2018.02.12"]
[Round "1"]
[White "Matras, Ove"]
[Black "Hald, Jens Erik Kofoed"]
[Result "1/2-1/2"]
[WhiteElo "1781"]
[BlackElo "1983"]
[PlyCount "82"]
[EventDate "2018.02.12"]
[EventType "swiss"]
[EventRounds "7"]
[EventCountry "DEN"]
[SourceTitle "CBM 183 Extra"]
[Source "ChessBase"]
[SourceDate "2018.04.19"]
[SourceVersion "1"]
[SourceVersionDate "2018.04.19"]
[SourceQuality "1"]

1. e4 c5 2. Nf3 g6 3. Bc4 Bg7 4. c3 e6 5. 0-0 Ne7 6. d4 cxd4 7. cxd4 d5 8. Bb5+ Nbc6 9. e5 Bd7 10. Nc3 0-0 11. h4 Rc8 12. h5 Na5 13. Bd3 Nc4 14. Ne2 Qe8 15. b3 Na5 16. Ba3 Nac6 17. Qd2 a6 18. Qg5 f6 19. Qg3 fxe5 20. dxe5 Rxf3 21. gxf3 Nxe5 22. Rad1 Nxd3 23. Rxd3 Nf5 24. Qg5 Bb5 25. Qd2 Bxd3 26. Qxd3 Qd8 27. f4 Qh4 28. hxg6 Qg4+ 29. Kh2 hxg6 30. Rg1 Qh5+ 31. Kg2 Kf7 32. Kf1 Rh8 33. Qc2 Qh3+ 34. Ke1 Re8 35. Qc7+ Ne7 36. Qxb7 Qd3 37. Rg3 Qb1+ 38. Nc1 Bb2 39. Bxb2 Qxb2 40. Nd3 Qb1+ 41. Ke2 Qc2+ 1/2-1/2

[Event "Kesarovski Georgiev Memorial 5th"]
[Site "Sunny Beach"]
[Date "2006.09.09"]
[Round "8.39"]
[White "Nikolova, Mariya"]
[Black "Hald, Jens Erik Kofoed"]
[Result "0-1"]
[WhiteElo "1858"]
[BlackElo "2199"]
[PlyCount "120"]
[EventDate "2006.09.02"]
[EventType "swiss"]
[EventRounds "9"]
[EventCountry "BUL"]
[SourceTitle "CBM 114 Extra"]
[Source "ChessBase"]
[SourceDate "2006.11.03"]
[SourceVersion "1"]
[SourceVersionDate "2006.11.03"]
[SourceQuality "1"]

1. e4 c5 2. Nf3 Nc6 3. d4 cxd4 4. Nxd4 Nf6 5. Nc3 e5 6. Ndb5 d6 7. Bg5 a6 8. Na3 Be6 9. Bxf6 gxf6 10. Be2 Rc8 11. 0-0 Nd4 12. Bd3 Be7 13. Nd5 f5 14. Nxe7 Qxe7 15. c3 fxe4 16. Bxe4 Nc6 17. Nc2 f5 18. Bd5 0-0 19. Qd2 Kh8 20. Rad1 Rcd8 21. b3 Qf7 22. Bxe6 Qxe6 23. Ne3 f4 24. Nd5 Rg8 25. f3 Rg6 26. Rfe1 Qf5 27. Re2 Qh5 28. Rf2 Rdg8 29. Kh1 Rh6 30. h3 Qf5 31. Kh2 Rg3 32. Kg1 Qxh3 33. Kf1 Qf5 34. Ke2 Rh2 35. Rg1 Qg6 36. Kd1 Qb1+ 37. Qc1 Qxc1+ 38. Kxc1 Kg7 39. Kd2 Kf7 40. Nb6 Ke6 41. Na4 Ne7 42. c4 Nf5 43. Nb2 Ne3 44. Nd3 Rgxg2 45. Rfxg2 Rxg2+ 46. Rxg2 Nxg2 47. Nb4 h5 48. Ke2 h4 49. Kf2 Ne3 50. Kg1 d5 51. cxd5+ Nxd5 52. Nd3 Kd6 53. Kh2 Nc3 54. a4 Ne2 55. b4 b6 56. Ne1 a5 57. Nd3 Nc3 58. bxa5 bxa5 59. Nb2 Kc5 60. Nd3+ Kd4 0-1

[Event "Kesarovski Georgiev Memorial 5th"]
[Site "Sunny Beach"]
[Date "2006.09.03"]
[Round "2.23"]
[White "Ochkov, Radoslav"]
[Black "Hald, Jens Erik Kofoed"]
[Result "1/2-1/2"]
[WhiteElo "1758"]
[BlackElo "2199"]
[PlyCount "45"]
[EventDate "2006.09.02"]
[EventType "swiss"]
[EventRounds "9"]
[EventCountry "BUL"]
[SourceTitle "CBM 114 Extra"]
[Source "ChessBase"]
[SourceDate "2006.11.03"]
[SourceVersion "1"]
[SourceVersionDate "2006.11.03"]
[SourceQuality "1"]

1. c4 Nf6 2. Nc3 g6 3. g3 Bg7 4. Bg2 d6 5. e4 c5 6. Nge2 Nc6 7. 0-0 0-0 8. d3 Rb8 9. h3 Bd7 10. Be3 e5 11. Qd2 Nd4 12. Bxd4 cxd4 13. Nd5 Nxd5 14. cxd5 f5 15. f4 fxe4 16. dxe4 Qb6 17. Kh2 Bh6 18. g4 Bxf4+ 19. Nxf4 Rxf4 20. Rxf4 exf4 21. Qxf4 Rf8 22. Qd2 Bb5 23. a4 1/2-1/2

[Event "Solrod ChessPrint"]
[Site "Solrod"]
[Date "1999.04.18"]
[Round "5"]
[White "Hald, Jens Erik Kofoed"]
[Black "Christiansen, Erling"]
[Result "1-0"]
[WhiteElo "2063"]
[BlackElo "1886"]
[PlyCount "89"]
[EventDate "1999.04.16"]
[EventType "tourn"]
[EventRounds "5"]
[EventCountry "DEN"]
[SourceTitle "EXT 2023"]
[Source "ChessBase"]
[SourceDate "2022.10.05"]
[SourceVersion "1"]
[SourceVersionDate "2022.10.05"]
[SourceQuality "1"]

1. e4 e5 2. Nc3 Nc6 3. Bc4 Nf6 4. d3 Be7 5. f4 d6 6. Nf3 Bg4 7. h3 Bxf3 8. Qxf3 a6 9. 0-0 Qd7 10. a3 Rf8 11. f5 0-0-0 12. Be3 Kb8 13. b4 Nd4 14. Qf2 Ng8 15. Nd5 Bf6 16. Nxf6 Nxf6 17. Bxd4 exd4 18. Qxd4 c6 19. Bb3 Qc7 20. c4 Rfe8 21. Rab1 c5 22. Qf2 Ka8 23. Ba4 Re7 24. b5 Nd7 25. bxa6 bxa6 26. Bxd7 Rexd7 27. Rb3 Rb8 28. Rfb1 Rxb3 29. Rxb3 Qc6 30. Qb2 f6 31. Rb6 Qc8 32. a4 Ka7 33. a5 Qc7 34. Qb3 Rd8 35. Qb1 Re8 36. Rxa6+ Kxa6 37. Qb5+ Ka7 38. Qxe8 Qxa5 39. Qd7+ Ka8 40. Qxd6 Qe1+ 41. Kh2 Qe3 42. Qf8+ Kb7 43. Qxg7+ Kb6 44. Qxf6+ Ka5 45. Qd6 1-0

[Event "Koge op-A"]
[Site "Koge"]
[Date "1997.??.??"]
[Round "9"]
[White "Hald, Jens Erik Kofoed"]
[Black "Sorensen, Torben"]
[Result "1/2-1/2"]
[WhiteElo "2195"]
[BlackElo "2300"]
[PlyCount "196"]
[EventDate "1997.??.??"]
[EventType "swiss"]
[EventRounds "9"]
[EventCountry "DEN"]
[SourceTitle "EXT 2000"]
[Source "ChessBase"]
[SourceDate "1999.11.16"]
[SourceVersion "1"]
[SourceVersionDate "1999.11.16"]
[SourceQuality "1"]

1. e4 e5 2. d4 d6 3. dxe5 dxe5 4. Qxd8+ Kxd8 5. Bc4 f6 6. Be3 Nd7 7. Nc3 Bc5 8. Bxc5 Nxc5 9. 0-0-0+ Nd7 10. Nge2 c6 11. Rd2 Kc7 12. Rhd1 Nb6 13. Bb3 Ne7 14. f3 a5 15. a3 Ng6 16. Ng3 Nf4 17. Na4 Nxa4 18. Bxa4 Re8 19. Bb3 Rb8 20. Nf1 Ne6 21. c3 Nc5 22. Bc2 a4 23. Ne3 Be6 24. g4 Re7 25. h4 h5 26. gxh5 Rh8 27. Rg2 Rxh5 28. Rdg1 Rh7 29. h5 Rd7 30. Rg6 Rf7 31. Rh1 Kd8 32. Kd2 Rd7+ 33. Ke2 Bf7 34. Rg3 Rxh5 35. Rxh5 Bxh5 36. Nf5 Ne6 37. Bxa4 Nf4+ 38. Ke1 g6 39. Ne3 Rd3 40. Nd1 Rxf3 41. Rxf3 Bxf3 42. Nf2 Ke7 43. Kd2 f5 44. Ke3 Bxe4 45. Nxe4 Nd5+ 46. Kf3 fxe4+ 47. Kxe4 Kd6 48. Bc2 Nf6+ 49. Ke3 g5 50. Bd1 e4 51. c4 Ke5 52. b4 Ne8 53. a4 Nd6 54. Be2 Nf5+ 55. Kf2 e3+ 56. Ke1 Kd4 57. a5 Nd6 58. b5 Kc5 59. a6 bxa6 60. bxa6 Nc8 61. Bg4 Na7 62. Be6 Kb6 63. Ke2 Kxa6 64. Kxe3 c5 65. Ke4 Nc6 66. Bd5 Nd4 67. Ke5 Ka5 68. Kf6 g4 69. Kg5 g3 70. Kg4 Ne2 71. Bf3 Kb4 72. Bd5 Kc3 73. Kf3 Kd2 74. Bg8 Kc1 75. Kg2 Kd1 76. Kf3 Kd2 77. Bd5 Kd3 78. Bg8 Kd2 79. Bd5 Kd1 80. Bg8 Ke1 81. Kg2 Kd2 82. Kf3 Kd3 83. Bd5 Nc3 84. Kxg3 Ne4+ 85. Kf3 Nd6 86. Kf2 Kd2 87. Kf3 Kd3 88. Kf2 Nxc4 89. Ke1 Na3 90. Bg8 Kc3 91. Ke2 Nc2 92. Kd1 Nb4 93. Kc1 Nd3+ 94. Kb1 Nf2 95. Kc1 Ne4 96. Kb1 Nf6 97. Bf7 Ne4 98. Kc1 Nd2 1/2-1/2

[Event "Koge op-A"]
[Site "Koge"]
[Date "1997.??.??"]
[Round "1"]
[White "Oll, Lembit"]
[Black "Hald, Jens Erik Kofoed"]
[Result "1-0"]
[WhiteElo "2645"]
[BlackElo "2195"]
[PlyCount "59"]
[EventDate "1997.??.??"]
[EventType "swiss"]
[EventRounds "9"]
[EventCountry "DEN"]
[SourceTitle "EXT 2000"]
[Source "ChessBase"]
[SourceDate "1999.11.16"]
[SourceVersion "1"]
[SourceVersionDate "1999.11.16"]
[SourceQuality "1"]

1. e4 c5 2. Nf3 Nc6 3. d4 cxd4 4. Nxd4 e5 5. Nb5 d6 6. N1c3 Nf6 7. Bg5 a6 8. Na3 Be6 9. Nc4 Rc8 10. Bxf6 gxf6 11. Ne3 Bh6 12. Bd3 Bxe3 13. fxe3 Qb6 14. Qc1 Nb4 15. 0-0 Qd8 16. Qd2 h5 17. Rf3 Rh6 18. Raf1 Bg4 19. Rg3 Kf8 20. Be2 Be6 21. a3 Nc6 22. Nd5 Bxd5 23. exd5 Nb8 24. Rh3 Qc7 25. e4 Rh7 26. Rxh5 Rg7 27. Qh6 Qc5+ 28. Rf2 Qxc2 29. Qh8+ Rg8 30. Qxf6 1-0

[Event "Lovsprings op 07th A"]
[Site "Ringsted"]
[Date "1995.03.17"]
[Round "2"]
[White "Hald, Jens Erik Kofoed"]
[Black "Nordenbaek, Jan"]
[Result "1/2-1/2"]
[WhiteElo "2068"]
[BlackElo "2203"]
[PlyCount "21"]
[EventDate "1995.03.10"]
[EventType "swiss"]
[EventRounds "7"]
[EventCountry "DEN"]
[SourceTitle "EXT 2023"]
[Source "ChessBase"]
[SourceDate "2022.10.05"]
[SourceVersion "1"]
[SourceVersionDate "2022.10.05"]
[SourceQuality "1"]

1. d4 Nf6 2. c4 g6 3. Nc3 Bg7 4. e4 d6 5. Be2 0-0 6. Nf3 e5 7. dxe5 dxe5 8. Qxd8 Rxd8 9. Nd5 Nxd5 10. cxd5 c6 11. Bc4 1/2-1/2

[Event "Lovsprings op 06th"]
[Site "Ringsted"]
[Date "1994.04.10"]
[Round "3"]
[White "Nielsen, Max"]
[Black "Hald, Jens Erik Kofoed"]
[Result "1-0"]
[WhiteElo "2086"]
[BlackElo "2139"]
[PlyCount "83"]
[EventDate "1994.03.27"]
[EventType "swiss"]
[EventRounds "7"]
[EventCountry "DEN"]
[SourceTitle "EXT 2018"]
[Source "ChessBase"]
[SourceDate "2017.10.13"]
[SourceVersion "1"]
[SourceVersionDate "2017.10.13"]
[SourceQuality "1"]

1. e4 c5 2. Nf3 Nc6 3. d4 cxd4 4. Nxd4 Qc7 5. Nb5 Qb8 6. c4 Nf6 7. N5c3 b6 8. Be2 Bb7 9. Be3 e6 10. 0-0 h5 11. f4 g5 12. fxg5 Ng4 13. Bxg4 hxg4 14. Bf4 Bc5+ 15. Kh1 g3 16. h3 Qd8 17. Qg4 Qe7 18. Qxg3 0-0-0 19. Nd2 Rdg8 20. Nb3 f6 21. gxf6 Qxf6 22. Qh2 Qg6 23. Nxc5 bxc5 24. Bd6 Rh5 25. Rf8+ Rxf8 26. Bxf8 Nd4 27. Re1 Qf6 28. Bd6 Qf2 29. Qg3 Qxg3 30. Bxg3 Rg5 31. Kh2 Nc2 32. Rf1 Bc6 33. Bf4 Rg8 34. Rc1 Nd4 35. Bd6 Nf5 36. Bxc5 Nh4 37. Rg1 a6 38. b3 Ng6 39. Rf1 Kb7 40. g3 Ne5 41. Kg2 Nd3 42. Bd6 1-0